Observaciones y teorías sobre la afinidad química / (Record no. 59080)

MARC details
000 -LEADER
campo de control de longitud fija 00766nam a2200181 i 4500
001 - NÚMERO DE CONTROL
campo de control 59080
003 - IDENTIFICADOR DE NÚMERO DE CONTROL
campo de control ES-MaACL
005 - FECHA Y HORA DE LA ÚLTIMA TRANSACCIÓN
campo de control 20250815111352.0
007 - CAMPO FIJO DE DESCRIPCIÓN FÍSICA--INFORMACIÓN GENERAL
campo de control de longitud fija t|
008 - DATOS DE LONGITUD FIJA--INFORMACIÓN GENERAL
campo de control de longitud fija 031027s1901 sp ||||1| spa d
100 1# - ENTRADA PRINCIPAL--NOMBRE DE PERSONA
Nombre de persona Echegaray, José,
Fechas asociadas al nombre 1832-1916
9 (RLIN) 46526
245 10 - MENCIÓN DEL TÍTULO
Título Observaciones y teorías sobre la afinidad química /
Mención de responsabilidad, etc. por José Echegaray.
260 ## - PUBLICACIÓN, DISTRIBUCIÓN, ETC.
Lugar de publicación, distribución, etc. Madrid :
Nombre del editor, distribuidor, etc. La Energía Eléctrica,
Fecha de publicación, distribución, etc. 1901 (
Fabricante Antonio Marzo)
300 ## - DESCRIPCIÓN FÍSICA
Extensión 72 p. :
Otras características físicas il. ;
Dimensiones 30 cm.
650 #7 - PUNTO DE ACCESO ADICIONAL DE MATERIA--TÉRMINO DE MATERIA
Término de materia o nombre geográfico como elemento de entrada Afinidad química
Fuente del encabezamiento o término embne
9 (RLIN) 161093
852 ## - LOCALIZACIÓN
Ubicación ES-MaACL
Número de control de estantería T-1051-F-8
Nota libre .- Dedicatoria manuscrita: "La Energia Eléctrica al Ateneo de Madrid con motivo del homenaje a D. José Echegaray, por el premio Nobel que se le ha concedido" el director José García Santes"
Holdings
Estatus retirado Estado de pérdida Estado de daño No para préstamo Colección Biblioteca de origen Biblioteca actual Ubicación en estantería Fecha de adquisición Fuente de adquisición Total de préstamos Signatura topográfica completa Código de barras Visto por última vez Precio de reemplazo Tipo de ítem Koha
        Colección de folletos Biblioteca del Ateneo de Madrid Biblioteca del Ateneo de Madrid Depósito folletos 17/01/2008     T-1051-F-8 1061974 23/02/2023 23/02/2023 Folleto